| 000 | 00467nam a22001457a 4500 | ||
|---|---|---|---|
| 082 | _aT-270 | ||
| 100 |
_aMuhammad Azeem _928404 |
||
| 245 | _aGlacial Lake Outburst Flood hazard in Hunza River Basin, Implication and Future Risk Analysis under Changing Climate | ||
| 260 |
_aRisalpur, _bMCE, _c2020. |
||
| 300 |
_a69 pages. _c30 cm |
||
| 526 |
_a0 _b0 _c0 _dT_270 |
||
| 650 |
_aDisaster Mangement _936206 |
||
| 700 | _a Supervisor Dr Naeem Shahzad, | ||
| 942 |
_2ddc _cBK |
||
| 999 |
_c554460 _d554460 |
||